000 00244nam a2200097Ia 4500
001 682786
005 20250826161425.0
008 250824s9999 xx 000 0 und d
245 0 _aMERHABA SÖĞÜT
_cYAVUZ BAHADIROĞLU
260 _bNESİL YAYINLARI
999 _c682786
_d682786